000 00501pam a2200193 a 4500
020 _a8180616029
_c90.00
041 _aeng
_hNULL
082 _a618.2
_bGUP/SAH
100 _aGUPA, I .
245 _aVIVA IN OBSTETRICS /
_cNULL.
_hTextual Documents
250 _a2 /
_b.
260 _aNULL :
_bJAYPEE BROTHERS MEDICAL PUB. ,
_c2005.
300 _a202 :
_bX ;
_cNULL .
365 _a90.00
700 _aSAHU, U .
_aPANDA, U .
930 _a1650
999 _c796186
_d796186
650 _aOBST.GYNE